PRAKRIT SAHITYA (Record no. 1296)
[ view plain ]
| 000 -LEADER | |
|---|---|
| fixed length control field | 00372cam a2200169ua 4500 |
| 008 - FIXED-LENGTH DATA ELEMENTS--GENERAL INFORMATION | |
| fixed length control field | 131122n II |||gr||||Z||||||asm |
| 040 ## - CATALOGING SOURCE | |
| Original cataloging agency | MAIN |
| 041 ## - LANGUAGE CODE | |
| -- | English |
| 082 ## - DEWEY DECIMAL CLASSIFICATION NUMBER | |
| Classification number | 891.451 GOS |
| 100 ## - MAIN ENTRY--PERSONAL NAME | |
| Personal name | GOSWAMI, S.N. |
| 245 ## - TITLE STATEMENT | |
| Title | PRAKRIT SAHITYA |
| 260 ## - PUBLICATION, DISTRIBUTION, ETC. | |
| Place of publication, distribution, etc. | GUWAHATI |
| Name of publisher, distributor, etc. | BANI PRAKASH |
| 300 ## - PHYSICAL DESCRIPTION | |
| Dimensions | 20CM. |
| 942 ## - ADDED ENTRY ELEMENTS (KOHA) | |
| Koha item type | Books |
| 653 ## - INDEX TERM--UNCONTROLLED | |
| Uncontrolled term | ASSAMESE LITERATURE |
| Withdrawn status | Lost status | Damaged status | Not for loan | Collection code | Home library | Current library | Shelving location | Date acquired | Total Checkouts | Total Renewals | Full call number | Barcode | Date last seen | Date last checked out | Copy number | Price effective from | Koha item type | Public note |
|---|---|---|---|---|---|---|---|---|---|---|---|---|---|---|---|---|---|---|
| TBASM | Central Library and Information Centre Sibsagar Girls College | Central Library and Information Centre Sibsagar Girls College | ASSAMESE BOOK RACK | 07.04.1968 | 2 | 1 | 891.451 GOS | 01504 | 07.09.2023 | 25.08.2023 | 1 | 27.02.2020 | Books | V | ||||
| TBASM | Central Library and Information Centre Sibsagar Girls College | Central Library and Information Centre Sibsagar Girls College | ASSAMESE BOOK RACK | 07.04.1968 | 1 | 891.451 GOS | 01505 | 17.10.2023 | 12.10.2023 | 2 | 27.02.2020 | Books | v |